Striking mould (Record no. 121094)

MARC details
000 -LEADER
fixed length control field 01607nam a2200265 4500
001 - CONTROL NUMBER
control field K121094
007 - PHYSICAL DESCRIPTION FIXED FIELD--GENERAL INFORMATION
fixed length control field ta
008 - FIXED-LENGTH DATA ELEMENTS--GENERAL INFORMATION
fixed length control field 190815b2019 ||||| |||| 00| 0 eng d
041 ## - LANGUAGE CODE
Language code of text/sound track or separate title eng
100 ## - MAIN ENTRY--PERSONAL NAME
Personal author Parrett, Mike
245 ## - TITLE STATEMENT
Title Striking mould
490 ## - SERIES TITLE
Series statement RICS Property Journal
Volume May/June 2019, 22-24 (3)
520 ## - ABSTRACT
Abstract Considers the problems caused by excessive moisture and poor ventilation including condensation, damp and mould. According to the English Housing Survey Headline Report 2017- 2018, 897,000 homes in England had problems with damp with almost 450,000 affected by condensation and mould. The Housing Health and Safety Rating Scheme (HHSRS) lists 29 major hazards relating to mould and damp. The Homes (Fitness for Human Habitation) Act 2018 gives tenants powers to bring action against landlords where a property is deemed unfit for human habitation. Lists mould categories and consider the effect on human health. Refers to the World Health Organisation Guidelines for indoor air quality: dampness and mould 2009 summarises various studies linking mould to health. Argues that in order to rectify the damp problem, a holistic view of the property and causes should be considered.
650 ## - KEYWORDS
Keywords Damp
650 ## - KEYWORDS
Keywords Mould
650 ## - KEYWORDS
Keywords Moisture
650 ## - KEYWORDS
Keywords Condensation
650 ## - KEYWORDS
Keywords HHSRS
650 ## - KEYWORDS
Keywords Homes (Fitness for Human Habitation) Act 2018
650 ## - KEYWORDS
Keywords English Housing Survey9 Report 2017-2018
651 ## - SUBJECT ADDED ENTRY--GEOGRAPHIC NAME
Geographic name United Kingdom 1973
690 ## - LOCAL SUBJECT ADDED ENTRY--TOPICAL TERM (OCLC, RLIN)
9 (RLIN) 6225
Topical term or geographic name as entry element Building surveying
856 ## - ONLINE RESOURCE
Uniform Resource Identifier https://issuu.com/ricsmodus/docs/property_journal-may-june_2019-rics/60
942 ## - ADDED ENTRY ELEMENTS (KOHA)
Source of classification or shelving scheme Dewey Decimal Classification
Holdings
Withdrawn status Lost status Damaged status Not for loan Home library Current library Shelving location Date acquired Total Checkouts Date last seen Price effective from Koha item type
        Virtual Virtual Online 15/08/2019   15/08/2019 15/08/2019 Journal article